000 00507nam a22001697a 4500
005 20251108175659.0
008 250721s2019 xx 000 0 ara d
082 1 4 _aق/حمد
100 1 _aحمدان، احمد
245 1 0 _aانت كل اشيائي الجميلة /
264 1 _aالقاهرة :
_bمركز الادب العربي للنشر،
_c2019.
300 _a219ص.
650 1 7 _aالادب العربي
650 1 7 _aالروايات العربية
942 _2ddc
_cBK
999 _c139841
_d139841